Separatist Movements In Europe - Statistics

General Stats
  • This quiz has been taken 54 times
  • The average score is 9 of 15
Answer Stats
Country Answer % Correct
Great Britain Scotland
100%
Spain Catalonia
98%
Serbia Kosovo
92%
Cyprus Northern Cyprus
86%
Germany Bavaria
84%
Belgium Flanders
84%
Great Britain Northern Ireland
84%
Italy Sicily
71%
Bosnia And Herzegovina Republika Srpska
69%
Belgium Wallonia
67%
France Corsica
55%
Great Britain England
43%
Austria Carinthia
6%
Serbia Sandzak
6%
Serbia Vodjavona
2%
No matching quizzes found
Score Distribution
Percent of People with Each Score
Percentile by Number Answered
Your Score History
You have not taken this quiz